Mega Man 1 Quiz - Statistics

General Stats
  • This quiz has been taken 33 times
  • The average score is 13 of 17
Answer Stats
Answer % Correct
Fire Man
100%
Ice Man
100%
Bomb Man
96%
Cut Man
93%
Elec Man
93%
Guts Man
93%
Yellow Devil
85%
Hyper Bomb
70%
Magnet Beam
70%
Rolling Cutter
70%
Super Arm
67%
Ice Slasher
63%
Thunder Beam
63%
Fire Storm
59%
Wily Machine 1
59%
Copy Robot
56%
CWU-01P
33%
No matching quizzes found
Score Distribution
Percent of People with Each Score
Percentile by Number Answered
Your Score History
You have not taken this quiz